banner-ar

HEALTHY BUILDING: A DESIGN PRIMER FOR A LIVING ENVIRONMENT / (Record no. 21123)

MARC details
000 -الفاتح
حقل البيانات ثابتة الطول 00564nam a2200217Ia 4500
008 - عناصر البيانات ثابتة الطول - معلومات عامة
حقل البيانات ثابتة الطول 140319s9999 xx 000 0 eng d
040 ## - مصدر الفهرسة
وكالة الفهرسة الأصلية GCL /
وكالة النسخ GCL
082 04 - رقم تصنيف ديوى العشرى
رقم التصنيف 725.5
رقم المادة H H
100 1# - المدخل الرئيسى - إسم شخصى
الإسم الشخصى HOLDSWORTH, BILL
245 10 - بيان العنوان
العنوان HEALTHY BUILDING: A DESIGN PRIMER FOR A LIVING ENVIRONMENT /
بيان المسئوليه,etc HOLDSWORTH, BILL
700 1# - المدخل الاضافى - اسم شخصى
الإسم الشخصى SEALEY, ANTONY
260 ## - PUBLICATION, DISTRIBUTION, ETC. (IMPRINT)
تاريخ النشر أو التوزيع 1992
300 ## - الوصف المادى
التعداد 148 P
650 04 - المدخل الاضافى بالموضوع-مصطلح موضوعى
مصطلح موضوعي ENVIRONMENT
650 04 - المدخل الاضافى بالموضوع-مصطلح موضوعى
مصطلح موضوعي ARTS
650 04 - المدخل الاضافى بالموضوع-مصطلح موضوعى
مصطلح موضوعي DESIGN
650 04 - المدخل الاضافى بالموضوع-مصطلح موضوعى
مصطلح موضوعي ARCHITECTURE
650 04 - المدخل الاضافى بالموضوع-مصطلح موضوعى
مصطلح موضوعي BUILDINGS, HEALTH
942 ## - عناصر المدخل الإضافي( كوها)
مصدر التصنيف او مخطط الترفيف Dewey Decimal Classification
Koha [default] item type كتاب
260 ## - PUBLICATION, DISTRIBUTION, ETC. (IMPRINT)
-- [S.N] :
-- LONGMAN ،
Holdings
حالة التراجع حالة الفقد حالة تلف ليس للاعارة المكان المؤقت الموقع الحالى تاريخ الاكتساب اجمالي اﻻعارات رقم الطلب الباركود تاريخ اخر مشاهدة تاريخ تفعيل السعر نوع وعاء كوها
        مكتبة القاهرة الكبرى مكتبة القاهرة الكبرى 03/26/2014   725.5\H H 39227 03/26/2014 03/26/2014 كتاب

Powered By

EGPV